[Event "8th Highlands Open"]
[Site "Zdar nad Sazavou CZE"]
[Date "2011.09.28"]
[Round "5"]
[White "Zakharchenko,A"]
[Black "Balazec,L"]
[Result "1/2-1/2"]
[WhiteElo "2225"]
[BlackElo "2024"]

1.Nf3 d5 2.g3 c6 3.b3 Bg4 4.Bg2 Nf6 5.Bb2 Nbd7 6.c4 e6 7.O-O Be7 8.d3 Bxf3
9.Bxf3 O-O 10.Nc3 Rb8 11.Rc1 d4 12.Ne4 c5 13.e3 Nxe4 14.Bxe4 f5 15.Bg2 dxe3
16.fxe3 Bg5 17.Qe2 Qc7 18.Rcd1 Rbc8 19.d4 b6 20.Kh1 g6 21.d5 Nf6 22.Bxf6 Rxf6
23.dxe6 Qe5 24.Rfe1 Kh8 25.Bd5 h5 26.h4 Bh6 27.Qf3 Bf8 28.Re2 Rd8 29.Rf1 Be7
30.Qf4 Qxf4 31.exf4 Rd6 32.a3 Rf8 33.b4 Rc8 34.Kg2 Kg7 35.b5 Kf6 36.a4 Bd8
37.e7 Bxe7 38.Rfe1 Rc7 39.Re6+ Rxe6 40.Rxe6+ Kg7 41.Kf3 Bf6 42.Re8  1/2-1/2

[Event "16th ECC w"]
[Site "Rogaska Slatina SLO"]
[Date "2011.09.29"]
[Round "5.2"]
[White "Harika,D"]
[Black "Munguntuul,B"]
[Result "1/2-1/2"]
[WhiteElo "2505"]
[BlackElo "2465"]

1.Nf3 d5 2.g3 Nf6 3.Bg2 c6 4.c4 Bf5 5.cxd5 cxd5 6.Qb3 Qc8 7.Nc3 e6 8.d3 Nc6
9.Bf4 Be7 10.O-O O-O 11.Rac1 Nh5 12.Be3 Qd7 13.Nd4 Nxd4 14.Bxd4 Bf6 15.Bxf6 Nxf6
16.e4 Bg6 17.exd5 exd5 18.Nxd5 Nxd5 19.Qxd5 Rfd8 20.Qxb7 Qxb7 21.Bxb7 Rab8
22.Rc7 Rxd3 23.Ba6 Rd2 24.Rxa7 h6 25.Rb7 Rxb7 26.Bxb7 Rxb2 27.Bd5 Rd2 28.Bb3 Bc2
29.Bxc2 Rxc2 30.Ra1 Rc5 31.a4 Ra5 32.Kf1 Kf8 33.Ke2 Ke7 34.Kd3 Kd6 35.Kc4 Kc6
36.Kb4 Re5 37.Rc1+ Kb6 38.Rc4 g5 39.Rd4 Kc7 40.Rd3 Rf5 41.Rd2 h5 42.a5 h4
43.gxh4 Rf4+ 44.Kb5 Rxh4 45.a6 Kb8 46.Rd8+ Ka7 47.Rd7+ Ka8 48.Rxf7 Rxh2 49.Kc5 Rh6
50.Kd4 Rxa6 51.Ke4 Ra4+ 52.Kf3 Kb8 53.Rf5 Kc7 54.Rxg5 Kd6 55.Rg4 Ra3+ 56.Kf4 Ke6
57.Rg6+ Kf7 58.Rb6 Ra4+ 59.Kg3 Ra3+ 60.f3  1/2-1/2

[Event "Tatry Open"]
[Site "Tatranske Zruby SVK"]
[Date "2011.09.29"]
[Round "6.22"]
[White "Belunek,V"]
[Black "Kovacs,Joze"]
[Result "1-0"]
[WhiteElo "2273"]
[BlackElo "2008"]

1.Nf3 d5 2.g3 Nf6 3.Bg2 Bf5 4.O-O Nbd7 5.d3 c6 6.Nbd2 e5 7.Qe1 Bd6 8.e4 Be6
9.Ng5 h6 10.Nxe6 fxe6 11.exd5 exd5 12.c4 O-O 13.Qe2 Qb6 14.Rb1 Rae8 15.b4 Qa6
16.a3 Qa4 17.Nb3 b6 18.Qc2 Kh8 19.Nd4 Qxc2 20.Nxc2 e4 21.cxd5 exd3 22.Ne1 Nxd5
23.Nxd3 Re2 24.Bb2 Ne5 25.Bxe5 Bxe5 26.Rfe1 Rxe1+ 27.Rxe1 Bd4 28.b5 Nf6 29.bxc6 a5
30.Nf4 Rc8 31.Rd1 Bc5 32.Ne6 Be7 33.c7 Kh7 34.Bb7  1-0

[Event "Campomanes Mem GM"]
[Site "Yangon MYA"]
[Date "2011.09.29"]
[Round "13"]
[White "Aung Aung a Aung Myo Hlaing"]
[Black "Goh Weiming"]
[Result "0-1"]
[WhiteElo "2333"]
[BlackElo "2449"]

1.Nf3 d5 2.g3 Nf6 3.Bg2 Bf5 4.d3 e6 5.O-O h6 6.c4 Nbd7 7.b3 a5 8.Nc3 c6 9.cxd5 exd5
10.Bb2 Be7 11.e4 Bg4 12.exd5 cxd5 13.d4 O-O 14.Qd3 Nb6 15.Ne5 Bd7 16.a4 Bc6
17.Rac1 Nc8 18.Ne2 Qb6 19.Rc2 Bd6 20.Bc1 Ne7 21.Bf4 Rfd8 22.Nxc6 bxc6 23.Bxd6 Rxd6
24.Rb1 Rb8 25.Nf4 Qa7 26.Rd2 g6 27.f3 Rb4 28.Bh3 Rd8 29.Ne2 Rdb8 30.Nc1 Kg7
31.Rbb2 c5 32.dxc5 Qxc5+  0-1

[Event "FSGM Oct"]
[Site "Budapest HUN"]
[Date "2011.10.01"]
[Round "1"]
[White "Keschitz,G"]
[Black "Estrada Nieto,J"]
[Result "1/2-1/2"]
[WhiteElo "2307"]
[BlackElo "2285"]

1.Nf3 d5 2.g3 Nf6 3.Bg2 Bg4 4.d3 Nbd7 5.h3 Bxf3 6.exf3 e6 7.O-O Bd6 8.f4 O-O
9.Nd2 c6 10.Nf3 e5 11.fxe5 Nxe5 12.Nxe5 Bxe5 13.d4 Bd6 14.Bg5 h6 15.Bxf6  1/2-1/2

[Event "FPX 70 Anos"]
[Site "Sao Paulo BRA"]
[Date "2011.10.01"]
[Round "9.2"]
[White "Quintiliano Pinto,R"]
[Black "Abdalla,L"]
[Result "1/2-1/2"]
[WhiteElo "2277"]
[BlackElo "2241"]

1.Nf3 d5 2.g3 c6 3.Bg2 Bg4 4.d3 Nd7 5.O-O e6 6.Nbd2 Ngf6 7.e4 Be7 8.Qe1 dxe4
9.dxe4 e5 10.h3 Bxf3 11.Bxf3 O-O 12.Nc4 Qc7 13.Bd2 Rfe8 14.Rd1 Rad8 15.Bg2 Bc5
16.b4 Bf8 17.Ne3 g6 18.c4 Bg7 19.Bc3 Nf8 20.c5 b5 21.a4 a6 22.axb5 axb5 23.Nc2 Ne6
24.Qe3 Nh5 25.Rfe1 Nf6 26.Qc1 h5 27.Qb2 Nh7 28.h4 Nhf8 29.Qa1 Ra8 30.Qb2 Rad8
31.Qa1 Ra8 32.Qb2  1/2-1/2

[Event "TCh-CZE Liga1 Vychod"]
[Site "Czech Rep CZE"]
[Date "2011.10.02"]
[Round "1"]
[White "Zpevak, Pavel"]
[Black "Kulovana, Eva"]
[Result "1/2-1/2"]
[WhiteElo "2392"]
[BlackElo "2300"]

1.Nf3 d5 2.g3 Nf6 3.Bg2 c6 4.d3 Bg4 5.Nbd2 Nbd7 6.h3 Bh5 7.O-O e5 8.e4 dxe4
9.dxe4 Bc5 10.c3 a5 11.Qc2 a4 12.Nc4 Bxf3 13.Bxf3 Qe7 14.Ne3 g6 15.Bd2 O-O
16.b4 axb3 17.axb3 b5 18.Qb2 Rfb8 19.Nc2 Nf8 20.Nb4 Qb7 21.Nd3 Bd6 22.Be3 Ne6
23.b4 Nd7 24.Bg4 Nef8 25.Rxa8 Rxa8 26.Ra1 Ra6 27.Bd1 Qa8 28.Rxa6 Qxa6 29.Bb3 Nb6
30.Bxb6 Qxb6 31.c4 bxc4 32.Bxc4 Qc7 33.Qb3 Qe7 34.Qa4 Kg7 35.Qxc6 Bxb4 36.Nxb4 Qxb4
37.Bd5  1/2-1/2

[Event "ch-HUN w 2011"]
[Site "Szeged HUN"]
[Date "2011.10.02"]
[Round "6"]
[White "Varga,Me"]
[Black "Papp,Petra"]
[Result "1/2-1/2"]
[WhiteElo "2139"]
[BlackElo "2256"]

1.Nf3 d5 2.g3 c6 3.Bg2 Bg4 4.O-O Nf6 5.d3 Nbd7 6.Nbd2 e5 7.h3 Bh5 8.e4 dxe4
9.dxe4 Bc5 10.Qe1 O-O 11.Nb3 Bb6 12.a4 a5 13.Be3 Bxf3 14.Bxf3 Bxe3 15.Qxe3 Qb6
16.Qxb6 Nxb6 17.Rfd1 Nbd7 18.Rd3 c5 19.Rc3 b6 20.Nd2 Rfd8 21.Nc4 Kf8 22.Bg2 Ne8
23.Rd1 Rab8 24.f4 Nc7 25.Rcd3 Ke7 26.fxe5 Ne6 27.c3 Nef8 28.h4 Ng6 29.Rd5 b5
30.axb5 Rxb5 31.Bh3 Ngf8 32.R1d2 g6 33.Bg4 Ne6 34.Bd1 Rb7 35.Nxa5 Rc7 36.Nc4 Rb8
37.Rd6 Ra7 38.Bg4 h5 39.Bh3 Rb5 40.Bf1 Rbb7 41.Bh3 Rb5 42.Rc6 Nb8 43.Rc8 Nd7
44.Nd6 Rb8 45.Rxb8 Ra1+ 46.Kf2 Nxb8 47.Nc8+ Ke8 48.Nd6+ Ke7 49.Nc4 Nc6 50.Bxe6 fxe6
51.Ke3 Nd8 52.Rf2 Nf7 53.Kd2 Rg1 54.Rf3 g5 55.b4 cxb4 56.cxb4 gxh4 57.gxh4 Rg4
58.b5 Rxh4 59.b6 Nd8 60.Nd6 Rh2+ 61.Kc3 Kd7 62.b7 Kc7 63.Rf8 Nxb7 64.Rf7+ Kc6
65.Rxb7 h4 66.Rh7 Rh1 67.Kd2 Kc5 68.Ke3 h3 69.Kf2 Kd4 70.Rh5 Ra1 71.Kg3 Rg1+
72.Kh2 Ra1 73.Nf7 Kxe4 74.Kxh3 Rh1+ 75.Kg4 Rg1+ 76.Kh3 Rh1+ 77.Kg4 Rg1+  1/2-1/2

[Event "Belgrade Premier League 2011"]
[Site "Belgrade SRB"]
[Date "2011.10.03"]
[Round "3.3"]
[White "Mihajlovic,Mio"]
[Black "Velikic,A"]
[Result "1-0"]
[WhiteElo "2177"]
[BlackElo "1907"]

1.Nf3 d5 2.g3 Nf6 3.Bg2 c6 4.c3 Bf5 5.a4 Nbd7 6.d4 e6 7.Nbd2 h6 8.a5 Bd6
9.O-O O-O 10.a6 b5 11.Re1 Qb6 12.b4 Nb8 13.Nh4 Nxa6 14.e4 dxe4 15.Nxe4 Bxe4
16.Bxe4 Nxe4 17.Rxe4 Nc7 18.Qh5 Kh7 19.Rg4 Ne8 20.Nf3 Be7 21.Ne5 Nf6 22.Rxg7+ Kxg7
23.Bxh6+ Kh7 24.Qh4 Ng8 25.Bg5+ Kg7 26.Bxe7 Nxe7 27.Qxe7 Qd8 28.Qc5 Qd5 29.Ra6 Rfc8
30.Qe7 Rf8 31.Qg5+ Kh7 32.h4 Qe4 33.Nd7 Qb1+ 34.Kh2 Rfd8 35.Nf6+ Kh8 36.Qh6+  1-0

[Event "US Chess League 2011"]
[Site "ICC INT"]
[Date "2011.10.03"]
[Round "6"]
[White "Altounian,L"]
[Black "Griego,D"]
[Result "1-0"]
[WhiteElo "2429"]
[BlackElo "2355"]

1.Nf3 d5 2.g3 Nf6 3.Bg2 e6 4.O-O Be7 5.c4 O-O 6.d4 c6 7.Qc2 Nbd7 8.Nbd2 b6
9.e4 Ba6 10.b3 Rc8 11.Bb2 c5 12.exd5 exd5 13.Rfe1 Re8 14.Rad1 cxd4 15.Nxd4 b5
16.Qb1 bxc4 17.bxc4 Nc5 18.Nf5 Na4 19.Rxe7 Rxe7 20.Bxf6 gxf6 21.Nxe7+ Qxe7
22.Re1 Qc5 23.Bxd5 Nc3 24.Qf5 Nxd5 25.cxd5 Qc3 26.Qg4+ Kf8 27.Qf4 Rd8 28.Re3 Qc1+
29.Kg2 Bb7 30.Ne4 Bxd5 31.Qxf6 Qc7 32.f3 Bxe4 33.Qh8+ Ke7 34.Rxe4+ Kd7 35.Rd4+ Kc8
36.Rxd8+ Qxd8 37.Qxd8+ Kxd8 38.Kh3 Kc7 39.Kg4 Kc6 40.Kg5 Kb5 41.Kh6 Ka4 42.Kxh7 Ka3
43.Kg8  1-0

[Event "1st Qinhuangdao Open"]
[Site "Qinhuangdao CHN"]
[Date "2011.10.03"]
[Round "4"]
[White "Zhou Weiqi"]
[Black "Negi,P"]
[Result "1/2-1/2"]
[WhiteElo "2598"]
[BlackElo "2631"]

1.Nf3 d5 2.g3 Bg4 3.Bg2 Nd7 4.c4 dxc4 5.Na3 e5 6.Nxc4 Qe7 7.d3 O-O-O 8.O-O Ngf6
9.Qa4 a6 10.Be3 Nd5 11.Rfc1 Kb8 12.Qa5 Bxf3 13.Bxf3 N7f6 14.Bg5 Qe6 15.e4 Nb4
16.Nxe5 b6 17.Qa3 Nxd3 18.Nc6+ Qxc6 19.Rxc6 Bxa3 20.bxa3 Ne5 21.Rc3 Rd4 22.Bxf6 gxf6
23.Be2 Rxe4 24.Bxa6 Rd8 25.f4 Ng6 26.Rc6 Re6 27.Rac1 Re4 28.Ra1 Re6 29.Rac1 Rxc6
30.Rxc6 Rd6 31.Rxd6 cxd6 32.Bc4 Kc7 33.Bxf7 Ne7 34.Kf2 Kc6 35.g4 Kc5 36.Ke3 d5
37.Kd3 h6 38.h4 Kd6 39.Be8 Ke6 40.Kc3 Nc8 41.Kd4 Ne7 42.h5 Nc8 43.Bc6 Ne7
44.Bb7 Kd6 45.a4 Ke6 46.Ba8 Kd6 47.Bb7 Ke6 48.a5 bxa5 49.Kc5 f5 50.g5 hxg5
51.fxg5 f4 52.h6 f3 53.h7 f2 54.Bxd5+ Nxd5 55.h8=Q f1=Q 56.Qg8+ Ke7 57.Qxd5 Qb1
58.Kc6 a4 59.Qe5+ Kf7 60.Qf4+ Kg6 61.Qxa4 Qc1+ 62.Kb7 Kxg5 63.Qb5+ Kh4 64.a4 Qh1+
65.Ka7 Qg1+ 66.Qb6 Qg7+ 67.Ka6 Kh3 68.a5 Kh2 69.Qb8+ Kh3 70.Qc8+ Kh2 71.Qc6 Qd4
72.Qc7+ Kh3 73.Kb7 Qe4+ 74.Kb8 Qb4+ 75.Kc8 Qf8+ 76.Qd8 Qc5+ 77.Kb8 Qb5+ 78.Qb6 Qe8+
79.Ka7 Qd7+ 80.Qb7 Qd4+ 81.Ka6 Qc4+ 82.Qb5 Qc8+ 83.Kb6 Qb8+ 84.Kc5 Qe5+ 85.Kb6 Qb8+
86.Ka6 Qa8+ 87.Kb6  1/2-1/2

[Event "Belgrade Premier League 2011"]
[Site "Belgrade SRB"]
[Date "2011.10.04"]
[Round "4.1"]
[White "Jelic,G"]
[Black "Ciric,DM"]
[Result "1/2-1/2"]
[WhiteElo "2193"]
[BlackElo "2276"]

1.Nf3 d5 2.g3 c6 3.Bg2 Bg4 4.d4 Nd7 5.Nbd2 Ngf6 6.O-O e6 7.Re1 Bd6 8.e4 dxe4
9.Nxe4 Nxe4 10.Rxe4 Nf6 11.Re1 O-O  1/2-1/2

[Event "1st Qinhuangdao Open"]
[Site "Qinhuangdao CHN"]
[Date "2011.10.05"]
[Round "7"]
[White "Yu Lie"]
[Black "Guo Qi"]
[Result "1-0"]
[WhiteElo "2416"]
[BlackElo "2367"]

1.Nf3 d5 2.g3 Bg4 3.Bg2 Nd7 4.c4 e6 5.b3 Ngf6 6.Bb2 Be7 7.O-O O-O 8.d3 c5
9.h3 Bh5 10.Nbd2 Rb8 11.e4 d4 12.g4 Bg6 13.e5 Ne8 14.Qe2 Nef6 15.Qd1 Ne8
16.Qe2 Nc7 17.Nh2 f6 18.exf6 gxf6 19.f4 f5 20.Rae1 Bd6 21.Bc1 Re8 22.Ndf3 b5
23.Ne5 Nxe5 24.fxe5 Be7 25.Bc6 Rf8 26.Bh6 Rf7 27.gxf5 Bxf5 28.Rxf5 Rxf5 29.Qg2+ Bg5
30.h4 Qe7 31.Bxg5 Qg7 32.Ng4 Qe7 33.Nh2 Qg7 34.Ng4  1-0

[Event "20th TCh-CRO 1a"]
[Site "Sibenik CRO"]
[Date "2011.10.05"]
[Round "2.5"]
[White "Kuljasevic,D"]
[Black "Doric,N"]
[Result "1-0"]
[WhiteElo "2556"]
[BlackElo "2332"]

1.Nf3 d5 2.g3 c6 3.Bg2 Bg4 4.d3 Nd7 5.Nbd2 e6 6.h3 Bh5 7.O-O Bd6 8.Qe1 Ne7
9.b3 O-O 10.Bb2 Qc7 11.e4 e5 12.g4 Bg6 13.Nh4 f6 14.Nf5 Bf7 15.Nxe7+ Bxe7
16.Qe3 d4 17.Qg3 Qa5 18.Nf3 Ba3 19.Bxa3 Qxa3 20.Nh4 g5 21.Nf5 Be6 22.h4 Kh8
23.hxg5 fxg5 24.Bf3 Bxf5 25.exf5 Qd6 26.Kg2 Rf6 27.Rh1 Kg7 28.Rh5 h6 29.Rah1 Rh8
30.Qh2 Rg8 31.Qg1 a5 32.Qc1 Kf8 33.Qd2 b6 34.a3 Ke7 35.b4 a4 36.c4 Ra8 37.b5 Nc5
38.bxc6 Nb3 39.Qe2 Re8 40.Be4 Nc5 41.Bd5 Kd8 42.R1h3 b5 43.Qe1 bxc4 44.Qa5+ Ke7
45.dxc4 Rc8 46.Qa7+ Rc7 47.Qa8 Rf8 48.Qa5 Rf6 49.Rxh6 Nb3 50.Rh7+ Kd8 51.Qa8+ Rc8
52.c7+ Qxc7 53.Rh8+  1-0

[Event "20th TCh-CRO w"]
[Site "Sibenik CRO"]
[Date "2011.10.06"]
[Round "4.4"]
[White "Franciskovic,B"]
[Black "Kochetkova,J"]
[Result "1-0"]
[WhiteElo "2265"]
[BlackElo "2260"]

1.Nf3 d5 2.g3 c6 3.Bg2 Bg4 4.c4 e6 5.cxd5 exd5 6.d3 Nf6 7.O-O Nbd7 8.Nc3 Be7
9.Qc2 O-O 10.e4 dxe4 11.dxe4 Bxf3 12.Bxf3 Ne5 13.Be2 Bc5 14.Kg2 Qe7 15.f4 Ned7
16.e5 Nd5 17.Nxd5 cxd5 18.Bd3 h6 19.Bd2 Rac8 20.Qb3 Nb6 21.Rae1 Nc4 22.Bc1 Rc6
23.Bb1 f5 24.exf6 Qxf6 25.Qd3 Qd4 26.Qh7+ Kf7 27.Rd1 Ne3+ 28.Bxe3 Qxe3 29.Qf5+ Kg8
30.Qh7+ Kf7 31.Qf5+ Kg8 32.Qxd5+ Kh8 33.Qe4 Qxe4+ 34.Bxe4 Re6 35.Bf3 Rfe8
36.Rd7 R6e7 37.Rfd1 b6 38.Bh5 Rf8 39.Rxe7 Bxe7 40.Rd7 Bf6 41.Rxa7 Bxb2 42.Bg6 Rd8
43.h4 Bf6 44.Kf3 Rb8 45.h5 Rd8 46.Rb7 Bd4 47.Ke4 Bc5 48.g4 Kg8 49.g5 hxg5
50.fxg5 Rd4+ 51.Ke5 Rd8 52.Bf5 Be3 53.Be6+ Kh8 54.h6 Bd4+ 55.Kf5 Kh7 56.hxg7 Bxg7
57.Rxb6 Rd1 58.Rb4 Bd4 59.a4 Rf1+ 60.Ke4 Bc3 61.Rb5 Ra1 62.Bf5+ Kh8 63.Rb8+ Kg7
64.Rb7+ Kf8 65.Ra7 Rd1 66.g6 Rd8 67.Be6 Rd4+ 68.Kf5 Rh4 69.Rf7+ Ke8 70.Bd7+  1-0

[Event "TCh-AUT 2 West 2011-12"]
[Site "Absam AUT"]
[Date "2011.10.07"]
[Round "1"]
[White "Maiwald,JU"]
[Black "Gatterer,F"]
[Result "1/2-1/2"]
[WhiteElo "2459"]
[BlackElo "2274"]

1.Nf3 d5 2.g3 Bg4 3.Bg2 Nd7 4.O-O e6 5.d3 Ngf6 6.Nbd2 Bc5 7.h3 Bh5 8.e4 dxe4
9.dxe4 e5 10.Qe1 O-O 11.Nh4 Re8 12.Nc4 c6 13.b4 Bf8 14.Bg5 b5 15.Na5 c5 16.c3 Qc7
17.Nf5 Rac8 18.a3 a6 19.Rc1 c4 20.a4 h6 21.Be3 Bg6 22.axb5 axb5 23.Rd1 Nb6
24.Qd2 Na4 25.Qc2 Red8 26.f4 Bxf5 27.exf5 Rd3 28.Rxd3 cxd3 29.Qxd3 Qxc3 30.Qxc3 Rxc3
31.Bd2 Rc2 32.Be1  1/2-1/2

[Event "TCh-SWE 2011-12"]
[Site "Malmo SWE"]
[Date "2011.10.07"]
[Round "1"]
[White "Eriksson,A"]
[Black "Aaberg,A"]
[Result "1/2-1/2"]
[WhiteElo "2295"]
[BlackElo "2375"]

1.Nf3 d5 2.g3 Nf6 3.Bg2 Bg4 4.c4 c6 5.Qb3 Qb6 6.d3 e6 7.Be3 Qxb3 8.axb3 a6
9.h3 Bh5 10.g4 Bg6 11.Ne5 Nbd7 12.Nxg6 hxg6 13.Nc3 Bd6 14.Kd2 Ng8 15.d4 f5
16.f3 Ne7 17.Bf2 e5 18.cxd5 cxd5 19.dxe5 Bxe5 20.Ra5 d4 21.Nd5 Nc6 22.Ra2 f4
23.Kd3 Kf7 24.Rc1 Nf6 25.Nxf6 Nb4+ 26.Ke4 Nxa2 27.Nd7 Nxc1 28.Nxe5+ Ke6 29.Nxg6 Rhe8
30.Bxd4 Kf7+ 31.Ne5+ Kf6 32.h4 Nxe2 33.g5+ Ke7 34.Bc5+ Kd8 35.Bb6+ Ke7 36.Bc5+ Kd8
37.Bb6+ Ke7  1/2-1/2

[Event "TCh-SWE 2011-12"]
[Site "Malmo SWE"]
[Date "2011.10.07"]
[Round "1"]
[White "Karlsson,L"]
[Black "Cicak,S"]
[Result "1/2-1/2"]
[WhiteElo "2485"]
[BlackElo "2566"]

1.g3 d5 2.Nf3 c6 3.Bg2 Bg4 4.Ne5 Bf5 5.d4 Nd7 6.O-O Ngf6 7.c4 e6 8.Nc3 Bd6
9.Bf4 Qb8 10.cxd5 exd5 11.Nd3 O-O 12.e3 Bxd3 13.Bxd6 Qxd6 14.Qxd3 h5  1/2-1/2

[Event "TCh-ISL Div1 2011-12"]
[Site "Reykjavik ISL"]
[Date "2011.10.07"]
[Round "1.4"]
[White "Danielsen,Hen"]
[Black "Halldorsson,J"]
[Result "1-0"]
[WhiteElo "2543"]
[BlackElo "2216"]

1.g3 d5 2.Nf3 Bg4 3.Bg2 Nd7 4.c4 c6 5.cxd5 cxd5 6.Qb3 Qc7 7.Nc3 e6 8.d3 Qb6
9.Qxb6 axb6 10.O-O Ngf6 11.e4 dxe4 12.dxe4 e5 13.Bg5 Bxf3 14.Bxf3 Bc5 15.Nb5 O-O
16.a3 h6 17.Bd2 Rac8 18.b4 Be7 19.Rac1 Rfd8 20.Be3 Ne8 21.Bg4 Nef6 22.Bh3 Rc6
23.f3 Kf8 24.Na7 Rxc1 25.Rxc1 Ra8 26.Rc8+ Rxc8 27.Nxc8 Bd8 28.Nd6 Bc7 29.Nxb7 Nb8
30.b5 Ke7 31.Bd2 Bd6 32.a4 Nfd7 33.a5 bxa5 34.Bxa5 Bc5+ 35.Nxc5 Nxc5 36.Bb4  1-0

[Event "20th TCh-CRO 1a"]
[Site "Sibenik CRO"]
[Date "2011.10.07"]
[Round "4.5"]
[White "Golubovic,B"]
[Black "Kuljasevic,D"]
[Result "0-1"]
[WhiteElo "2409"]
[BlackElo "2556"]

1.Nf3 d5 2.g3 Bg4 3.Bg2 c6 4.c4 Nd7 5.cxd5 cxd5 6.O-O e6 7.d3 Ngf6 8.Nc3 Be7
9.h3 Bh5 10.e4 O-O 11.exd5 Nxd5 12.Nxd5 exd5 13.Be3 Bc5 14.d4 Bd6 15.Qb3 Nb6
16.Ne5 Bxe5 17.dxe5 d4 18.Bd2 Be2 19.Rfe1 Bc4 20.Qa3 Bd5 21.Ba5 Bxg2 22.Kxg2 Qd5+
23.Kg1 Nc4 24.Qb3 Rac8 25.Bd2 Rfd8 26.Bf4 h6 27.h4 d3 28.Rad1 b5 29.Rb1 a6
30.Qd1 Rc6 31.a4 Re6 32.axb5 axb5 33.b3 Nxe5 34.Bxe5 d2 35.Rf1 Rxe5 36.Qg4 h5
37.Qb4 Rd6 38.Rfd1 Re2 39.Qc3 Rf6 40.Rf1 Rf3 41.Qc7 Qd4  0-1

[Event "World Amateur Chess Championship"]
[Site "Antalya TUR"]
[Date "2011.10.08"]
[Round "7"]
[White "Bitirgen,Bilent"]
[Black "Silva,Jor COL"]
[Result "0-1"]
[WhiteElo "1855"]
[BlackElo "1986"]

1.Nf3 d5 2.g3 Nf6 3.Bg2 g6 4.O-O Bg7 5.d3 O-O 6.Nc3 c5 7.e4 dxe4 8.dxe4 Nc6
9.Be3 Qa5 10.h3 Qb4 11.Qc1 Nxe4 12.a3 Nxc3 13.bxc3 Qxc3 14.Rb1 b6 15.Bd2 Qc4
16.Bh6 Bf5 17.Bxg7 Kxg7 18.g4 Be6 19.Nd2 Qa4 20.Re1 Rad8 21.c4 Rd3 22.Bf1 Rxa3
23.Ne4 Nd4 24.Re3 Rxe3 25.fxe3 Nf3+ 26.Kg2 Ne5 27.Qc3 f6 28.g5 Qc6  0-1

[Event "Lichtenrader Autumn"]
[Site "Berlin GER"]
[Date "2011.10.08"]
[Round "1.5"]
[White "Lagunow,A"]
[Black "Bergmann,Jen"]
[Result "1-0"]
[WhiteElo "2430"]
[BlackElo "1950"]

1.Nf3 d5 2.g3 Nf6 3.Bg2 e6 4.d4 c5 5.O-O cxd4 6.Nxd4 Be7 7.c4 O-O 8.cxd5 Nxd5
9.Nc3 Nxc3 10.bxc3 e5 11.Nb5 Qb6 12.a4 a6 13.Be3 Qa5 14.Nd6 Qc7 15.Nxc8 Qxc8
16.Rb1 Nc6 17.Bb6 Qe6 18.Qd5 Qg4 19.h3 Qxa4 20.Qd7 e4 21.Qf5 Rfe8 22.Bxe4 g6
23.Qf3 Rac8 24.Rfd1 Ne5 25.Qg2 Bf6 26.Bd4 Nc6 27.Ra1 Nxd4 28.Rxa4 Nxe2+ 29.Kh2 Nxc3
30.Bc2 Nxd1 31.Bxd1 Re1 32.Qxb7 Rc1 33.Rxa6 Bd4 34.Bb3 Rh1+ 35.Qxh1  1-0

[Event "Lichtenrader Autumn"]
[Site "Berlin GER"]
[Date "2011.10.08"]
[Round "1.9"]
[White "Radovanovic,J"]
[Black "Schlittermann,W"]
[Result "1-0"]
[WhiteElo "2320"]
[BlackElo "1766"]

1.Nf3 d5 2.g3 g6 3.Bg2 Bg7 4.d4 Nf6 5.c4 dxc4 6.Qa4+ c6 7.Qxc4 O-O 8.O-O Nbd7
9.Nc3 Nb6 10.Qd3 Nfd5 11.e4 Nxc3 12.bxc3 e5 13.Bg5 Qd7 14.Rad1 exd4 15.cxd4 Qe6
16.d5 cxd5 17.exd5 Qf5 18.Qd2 f6 19.Bf4 g5 20.Bc7 Bd7 21.Nd4 Qg6 22.d6 f5
23.Bxb7 Rae8 24.Nc6 Bf6 25.Ne7+ Bxe7 26.dxe7 Rxe7 27.Bd6 Rfe8 28.Bxe7 Rxe7
29.Rfe1 Rf7 30.Qd6 Ba4 31.Re6 Qh5 32.Qb8+ Rf8 33.Rd8 Qd1+ 34.Rxd1 Rxb8 35.Bd5 Kg7
36.Bb3 Bb5 37.Re7+ Kf6 38.Rf7+ Ke5 39.Re1+ Kd4 40.Rxf5 Bd7 41.Rxg5 Be8 42.Rg8  1-0

[Event "TCh-AUT 2 West 2011-12"]
[Site "Hohenems AUT"]
[Date "2011.10.08"]
[Round "2"]
[White "Weindl,A"]
[Black "Froewis,G"]
[Result "1/2-1/2"]
[WhiteElo "2344"]
[BlackElo "2424"]

1.Nf3 d5 2.g3 Nf6 3.Bg2 c6 4.O-O Bg4 5.d4 Nbd7 6.Nbd2 e6 7.c3 Bd6 8.Re1 O-O
9.Qb3 Qb6 10.e4 dxe4 11.Nxe4 Nxe4 12.Rxe4 Bf5 13.Re1 Qxb3 14.axb3 Rfd8 15.Bg5 f6
16.Be3 Kf7 17.Nd2 Nb6 18.Nc4 Nxc4 19.bxc4 a6 20.Bf1 Bc7 21.f3 e5 22.d5 cxd5
23.cxd5 Rxd5 24.Bc4 Be6 25.Bxd5 Bxd5 26.Kf2 Bc6 27.Red1 Ke6 28.c4 Rd8 29.Rxd8 Bxd8
30.Bc5 g6 31.b4 Bc7 32.Rb1 f5 33.b5 axb5 34.cxb5 Bd5 35.Ra1 Bd8 36.Ra8 Kd7
37.Be3 Bc4 38.Ra7 Bd5 39.Ra4 Be7 40.Ra8 Bd8 41.Ra4 Ke6 42.Bc5 Kd7 43.Ra1 Ke6
44.Ra8 Kd7 45.Ra4 Bb3 46.Ra1 Bd5 47.Re1 Bf6 48.Bb6 h5 49.Rc1 Ke6 50.Rc8 f4
51.Bc5 g5 52.Re8+ Kf5 53.Be7 Bg7 54.Rd8 Be6 55.Rb8 e4 56.fxe4+ Kxe4 57.Bc5 fxg3+
58.hxg3 Bd5 59.Re8+ Kf5 60.Rd8 Be6 61.Bd4 Bxd4+ 62.Rxd4 Ke5 63.Ke3 Bd5 64.Ra4 Kd6
65.Kd4 h4 66.gxh4 gxh4 67.Ra8 Bg2 68.Rh8 h3 69.Rh6+ Kd7 70.Ke5 Kc7 71.b6+ Kd7
72.Kf4 Ke7 73.Kf5 Kf7 74.Rh7+ Kg8 75.Rh6 Kf7 76.Kg5  1/2-1/2

[Event "TCh-SWE 2011-12"]
[Site "Malmo SWE"]
[Date "2011.10.08"]
[Round "2"]
[White "Forsberg,V"]
[Black "Vas,P SWE"]
[Result "1/2-1/2"]
[WhiteElo "2227"]
[BlackElo "2333"]

1.Nf3 d5 2.g3 Nf6 3.Bg2 e6 4.O-O Be7 5.d3 O-O 6.Nbd2 c5 7.e4 Nc6 8.Re1 b5
9.exd5 exd5 10.d4 Qb6 11.a4 bxa4 12.Rxa4 Bd7 13.Ra1 cxd4 14.Nb3 Bc5 15.Nxc5 Qxc5
16.b3 Rfe8 17.Rxe8+ Rxe8 18.Bb2 Bg4 19.Bxd4 Nxd4 20.Qxd4 Qxc2 21.Ne5 Be6
22.b4 Qc7 23.Rxa7 Qc1+ 24.Bf1 Ne4 25.Ra1 Qd2 26.Qxd2 Nxd2 27.Bg2 f6 28.Nc6 Nc4
29.Re1 Kf7 30.Nd4 Nb6 31.Rc1 Rc8 32.Rxc8 Bxc8 33.f4 Ke7 34.Kf2 Bd7 35.Ke3 Nc4+
36.Kd3 Kd6 37.Bf3 g5 38.Bh5 Nb2+ 39.Kc3 Nc4 40.Kd3 Nb2+ 41.Kc3 Nc4 42.Kd3 Nb2+  1/2-1/2

[Event "TCh-ISL Div1 2011-12"]
[Site "Reykjavik ISL"]
[Date "2011.10.08"]
[Round "2.1"]
[White "Arngrimsson,D"]
[Black "Halldorsson,J"]
[Result "1-0"]
[WhiteElo "2353"]
[BlackElo "2216"]

1.Nf3 d5 2.g3 Bg4 3.Bg2 Nd7 4.O-O Ngf6 5.d3 c6 6.Nbd2 e5 7.e4 dxe4 8.dxe4 Bc5
9.h3 Bh5 10.Qe1 O-O 11.Nc4 Re8 12.b4 Bf8 13.Bb2 Bxf3 14.Bxf3 b5 15.Na5 Qc7
16.c4 c5 17.cxb5 cxb4 18.Nc6 Qb6 19.Nxb4 Qxb5 20.Bc3 a5 21.a4 Qc4 22.Nd5 Nxd5
23.exd5 Bb4 24.Bxb4 axb4 25.d6 Ra7 26.Qe3 Qc5 27.Rfc1 Qxe3 28.fxe3 b3 29.Rab1 Rxa4
30.Rc7 Rd8 31.Bc6  1-0

[Event "20th TCh-CRO w"]
[Site "Sibenik CRO"]
[Date "2011.10.08"]
[Round "6.4"]
[White "Kochetkova,J"]
[Black "Repkova,E"]
[Result "1/2-1/2"]
[WhiteElo "2260"]
[BlackElo "2423"]

1.Nf3 d5 2.g3 Nf6 3.Bg2 e6 4.d4 Be7 5.c4 O-O 6.O-O dxc4 7.Qc2 a6 8.a4 Nc6
9.Qxc4 Qd5 10.Qxd5 exd5 11.Bf4 Na5 12.Nfd2 c6 13.Nc3 Bb4 14.Bc7 Bg4 15.e3 Rfc8
16.Bxa5 Bxa5 17.Nb3 Bb4  1/2-1/2

[Event "TCh-MNE 1st League"]
[Site "Tivat MNE"]
[Date "2011.10.08"]
[Round "9.1"]
[White "Kosic,D"]
[Black "Krivokapic,M"]
[Result "1/2-1/2"]
[WhiteElo "2495"]
[BlackElo "2413"]

1.Nf3 d5 2.g3 Nf6 3.Bg2 c6 4.O-O Bg4 5.d3 Nbd7 6.Nbd2 e5 7.e4 dxe4 8.dxe4 Bc5
9.h3 Bh5 10.Qe1 O-O 11.Nb3 Bb6 12.a4 a5 13.Be3 Bxf3 14.Bxf3 Bxe3 15.Qxe3 Qc7
16.Rfd1 Rfd8 17.Rd2 b6 18.Be2 Nf8 19.Bc4 Rxd2 20.Nxd2 Rd8 21.Nf3 h6 22.Re1 Ng6
23.Qb3 Ne8 24.h4 Nd6 25.h5 Nxc4 26.hxg6 Nd2 27.Qxf7+ Qxf7 28.gxf7+ Kxf7 29.Nxe5+ Ke6
30.f4 Rd4 31.Re2 Nxe4 32.Nxc6 Rxa4 33.b3 Ra1+ 34.Kg2 Kd6 35.Nxa5 Rxa5 36.Rxe4 Rc5
37.c4 b5 38.cxb5 Rxb5 39.b4 g5 40.Kf3 gxf4 41.gxf4 h5 42.Rd4+ Ke6 43.Ke4 Kf6
44.Rc4 Ke6 45.Rd4 Kf6 46.Kd3 h4 47.Ke3 h3 48.Kf2 h2 49.Kg2 Rh5 50.Rd1 Rh4
51.Rf1 h1=Q+ 52.Rxh1 Rxf4 53.Rf1 Rxf1 54.Kxf1 Ke5 55.b5 Kd5 56.b6 Kc6 57.b7 Kxb7  1/2-1/2

[Event "TCh-BEL 2011-12"]
[Site "Belgium BEL"]
[Date "2011.10.09"]
[Round "1.1"]
[White "Zaragatski,I"]
[Black "Michiels,B"]
[Result "0-1"]
[WhiteElo "2474"]
[BlackElo "2501"]

1.Nf3 d5 2.g3 c6 3.Bg2 Nf6 4.O-O Bf5 5.c4 e6 6.cxd5 exd5 7.d3 Be7 8.Qb3 Qb6
9.Qc2 O-O 10.Nc3 Na6 11.a3 Rad8 12.b4 Qc7 13.Bf4 Qc8 14.Rfc1 Nc7 15.Be3 a6
16.Na4 Bh3 17.Bh1 Ne6 18.Rab1 Ng4 19.Bb6 Rde8 20.Nc5 Ng5 21.a4 Nxf3+ 22.exf3 Ne5
23.f4 Ng6 24.Bf3 Bd6 25.Qd2 Bxf4 26.gxf4 Nh4  0-1

[Event "TCh-BEL 2011-12"]
[Site "Belgium BEL"]
[Date "2011.10.09"]
[Round "1.1"]
[White "Hovhanisian,M"]
[Black "Berelowitsch,A"]
[Result "1/2-1/2"]
[WhiteElo "2496"]
[BlackElo "2563"]

1.Nf3 d5 2.g3 c5 3.Bg2 Nc6 4.d4 Nf6 5.O-O e6 6.c4 Be7 7.dxc5 Bxc5 8.cxd5 exd5
9.Nbd2 O-O 10.Nb3 Bb6 11.Nbd4 Re8 12.b3 Bg4 13.Bb2 Rc8 14.h3 Bd7 15.e3 Ne4
16.Rc1 Qf6 17.Kh2 Bc7 18.Nxc6 Qxb2 19.Nxa7 Qxf2 20.Rxf2 Bxg3+ 21.Kg1 Bxf2+
22.Kh2 Bg3+ 23.Kg1 Bf2+ 24.Kh2 Bg3+  1/2-1/2

[Event "II Oliver Gonzalez Memorial"]
[Site "Madrid ESP"]
[Date "2011.10.09"]
[Round "2"]
[White "Lopez Mulet,Inigo"]
[Black "Valles Moreno,I"]
[Result "0-1"]
[WhiteElo "1839"]
[BlackElo "2394"]

1.Nf3 d5 2.g3 c6 3.Bg2 Bg4 4.O-O Nd7 5.d4 e6 6.Nbd2 f5 7.c4 Bd6 8.Qc2 Nh6
9.b3 O-O 10.Rd1 Qf6 11.Bb2 Nf7 12.Nf1 Qh6 13.Bc1 Qh5 14.Ne3 Bh3 15.Bxh3 Qxh3
16.Ng2 Nf6 17.Bf4 Ng4 18.Bxd6 Nxd6 19.Nf4 Qh6 20.h3 Ne4 21.hxg4 fxg4 22.Ne5 Nxf2
23.Kxf2 Qh2+ 24.Ke3 Qxg3+ 25.Kd2 Rxf4 26.Qd3 Qf2 27.Kc2 Re4 28.Rd2 Rf8 29.e3 Qf5
30.Re2 Rd8 31.c5 h5 32.Kc3 Qg5 33.Rf1 Rf8 34.Rxf8+ Kxf8 35.Re1 Kg8 36.Qe2 g3
37.Nf3 Qg4 38.Ne5 Qxe2 39.Rxe2 h4 40.Nf3 h3 41.Kd2 g2 42.Re1 g5 43.Rg1 g4
44.Nh2 g3 45.Nf3 Kf8 46.Rxg2 hxg2 47.Ke2 e5 48.dxe5 d4 49.Ng1 Rxe3+ 50.Kd2 Rxe5
51.Nf3 Rf5  0-1